000 00327nam a2200121Ia 4500
008 210210b2000 xxu||||| |||| 00| 0 eng d
082 _a542 DESL
100 _aDESIKACHAR (S).
245 _aLaboratory manual in chemistry
260 _aBangalore
_bExcellent Educational Enterprises
_c2000
690 _aChemistry
906 _a050647
999 _c99012
_d99012